| 000 | 00749nam a22001937a 4500 | ||
|---|---|---|---|
| 999 |
_c169620 _d169620 |
||
| 005 | 20191127114357.0 | ||
| 010 | _aUR-10628 | ||
| 020 |
_c200.00 _a9789389358780 |
||
| 035 | _aU-9183 | ||
| 037 |
_bDBAD/PUB _a- |
||
| 082 | _a841 | ||
| 100 | _aشا ہ محمد خير ا لد ين قا د ر ی شجا عت صو فی | ||
| 245 |
_aخير ا لبشر _cشا ہ محمد خير ا لد ين قا د ر ی شجا عت صو فی |
||
| 246 |
_bKhairul Bashr (Urdu) _aby Shah Mohd.Kheruddin Qadri Shujaat Sufi |
||
| 260 |
_aDelhi _bEducational Publishing House _c2019 ء |
||
| 270 |
_a3191,Vakil Street, Kucha Pandit,Lal Kuan, _bDelhi _e110006 _k01123216162 _l- |
||
| 300 |
_a200 ص _c22 Cm(Hb) |
||
| 942 |
_2ddc _cUR _h841 _mش ا ہ |
||